000 00825nam a2200229 a 4500
001 22535
003 CO-ViMGA
008 141112s2004 ck r 000 u spa d
040 _aCO-ViMGA
_bspa
_cCO-ViMGA
082 0 4 _a621 P973i
100 1 _aPytel, Andrew; Kiusalaas, Jaan
_932004
245 1 0 _aIngeniería mecánica
250 _a2
260 _aMexico :
_bThonson,
_c1999
300 _a622
505 _aIntroducción a la dinámica 1 - 5 - - Dinamica de una particula : coordenadas rectangulares 13 - 73 - - Dinamica de una particula : coordenadas curvilineas 85 - 120
590 _aForma de adquisición : Compra - - Precio : 61000 - - Proveedor : Dismet - - Fecha de adquisición : 2008
650 1 4 _aCINEMATICA
_952339
650 1 4 _aDINAMICA
_932005
650 1 4 _aINGENIERIA MECANICA
_912888
942 _2ddc
_cBK
999 _c30836
_d30836